<The> Impact of accession to GATT on trade-related policies of CIS countries <the> case of Belarus

Salvato in:
Dettagli Bibliografici
Autore principale: Lücke, Matthias
Natura: Libro
Lingua:inglese
Pubblicazione: Kiel Institut für Weltwirtschaft 1995
Serie:Kiel Working Paper No. 678
Soggetti:
Tags: Aggiungi Tag
Nessun Tag, puoi essere il primo ad aggiungerne!!

MARC

LEADER 00000nam a2200000 4500
001 c010683
005 20250521092944.7
041 0 |a eng 
044 |a DE 
245 1 0 |a <The> Impact of accession to GATT on trade-related policies of CIS countries  |b <the> case of Belarus  |c Matthias Lücke 
264 1 |a Kiel  |b Institut für Weltwirtschaft  |c 1995 
300 |a 17 s. 
490 1 |a Kiel Working Paper  |v No. 678 
830 0 |a Kiel Working Paper  |v No. 678 
610 2 0 |a Spoločenstvo nezávislých štátov 
610 2 0 |a Všeobecná dohoda o clách a obchode 
610 2 0 |a reformy 
610 2 0 |a politika obchodná 
610 2 0 |a integrácia ekonomická medzinárodná 
610 2 0 |a obchod medzinárodný 
610 2 0 |a štúdie prípadové 
610 2 0 |a Bielorusko 
100 1 |a Lücke, Matthias